Установление технико-экономических показателей по опытным системам разработки мощных пластов в Кузбассе; Известия Томского индустриального института [Известия ТИИ]; Т. 60, вып. 2-3

Opis bibliograficzny
Parent link:Известия Томского индустриального института [Известия ТИИ]/ Томский индустриальный институт (ТИИ).— , 1934-1944
Т. 60, вып. 2-3.— 1940
1. autor: Стрельников Д. А. Дмитрий Александрович
Streszczenie:Заглавие с титульного листа
Электронная версия печатной публикации
Język:rosyjski
Wydane: 1940
Hasła przedmiotowe:
Dostęp online:Черно-белая версия для предварительного просмотра
Цветная версия без потери качества
Format: Elektroniczne Rozdział
KOHA link:https://koha.lib.tpu.ru/cgi-bin/koha/opac-detail.pl?biblionumber=182360

MARC

LEADER 00000nla2a2200000 4500
001 182360
005 20231031171303.0
035 |a (RuTPU)RU\TPU\book\197695 
035 |a RU\TPU\book\197694 
090 |a 182360 
100 |a 20100620d1940 k y0rusy50 ca 
101 0 |a rus 
102 |a RU 
135 |a drnn ---uucaa 
181 0 |a i  
182 0 |a b 
200 1 |a Установление технико-экономических показателей по опытным системам разработки мощных пластов в Кузбассе  |b Электронный ресурс  |f Д. А. Стрельников 
203 |a Текст  |c электронный 
215 |a 2 файла (509 Кб, 10.4 Мб) 
230 |a Электронные текстовые данные (2 файла : 509 Кб, 10.4 Мб) 
300 |a Заглавие с титульного листа 
300 |a Электронная версия печатной публикации 
337 |a Adobe Reader 
461 1 |0 (RuTPU)RU\TPU\book\197248  |t Известия Томского индустриального института [Известия ТИИ]  |f Томский индустриальный институт (ТИИ)  |d 1934-1944 
463 1 |0 (RuTPU)RU\TPU\book\197690  |t Т. 60, вып. 2-3  |d 1940  |p 352 с. 
610 1 |a электронный ресурс 
610 1 |a труды учёных ТПУ 
700 1 |a Стрельников  |b Д. А.  |c российский горный инженер  |c профессор Томского политехнического института  |f 1881-1964  |g Дмитрий Александрович  |2 stltpush  |3 (RuTPU)RU\TPU\pers\1440 
801 1 |a RU  |b 63413507  |c 20090320  |g PSBO 
801 2 |a RU  |b 63413507  |c 20110315  |g PSBO 
856 4 |u http://www.lib.tpu.ru/fulltext/v/Bulletin_TPU/1939-1940/v60/a15_bw.pdf  |z Черно-белая версия для предварительного просмотра 
856 4 |u http://www.lib.tpu.ru/fulltext/v/Bulletin_TPU/1939-1940/v60/a15_full.pdf  |z Цветная версия без потери качества 
942 |c CF